| 000 | 00877cam a22002655a 4500 | ||
|---|---|---|---|
| 999 |
_c27560 _d27531 |
||
| 005 | 20190624114519.0 | ||
| 008 | 000221t1997 enk frb 001 ||eng d | ||
| 020 | _a1859739326 | ||
| 020 | _a9781859739327 | ||
| 040 |
_aUkOxU _dUk _dEG-ScBUE _beng _cEG-ScBUE |
||
| 082 | 0 | 4 |
_a361.610941 _221 _bCUT |
| 100 | 1 |
_aCutler, Antony, _d1947- |
|
| 245 | 1 | 0 |
_aManaging the welfare state : _btext and sourcebook / _cTony Cutler and Barbara Waine. |
| 250 | _aUpdated and revised 2nd ed. | ||
| 260 |
_aOxford : _bBerg, _cc.1997. |
||
| 300 |
_axv, 281 p. ; _c22 cm. |
||
| 500 | _aPrevious ed.: 1994. | ||
| 504 | _aIncludes bibliographical references and index. | ||
| 650 | 7 |
_aWelfare state. _2BUEsh _915644 |
|
| 650 | 7 |
_aPublic administration. _2BUEsh |
|
| 651 | 7 |
_aGreat Britain _xSocial policy _y1979-. _2BUEsh |
|
| 653 |
_bBUSBOL _cJune2019 |
||
| 700 | 1 | _aWaine, Barbara. | |
| 942 | _2ddc | ||